Slovak players in Premier League (2000-) - Statistics

General Stats
  • This quiz has been taken 43 times
  • The average score is 6 of 17
Answer Stats
Ranking Player Positions Nationality Matches Goals (assists) Periods Clubs % Correct
2 Martin Dúbravka GK 162 0 (0) 2017-2025
95%
1 Martin Škrtel DF 242 16 (5) 2007-2016
95%
14 Marek Rodák GK 4 0 (0) 2020-2021, 2022-2023
62%
9 Vladimír Weiss MF, FW 14 0 (3) 2008-2010
49%
15 Miroslav Stoch MF, FW 4 0 (0) 2008-2009
43%
6 Juraj Kucka MF, FW 26 1 (1) 2021-2022
41%
12 Ondrej Duda MF, FW 10 0 (0) 2019-2020
38%
3 Szilárd Németh FW 117 23 (8) 2001-2006
30%
7 Marek Čech DF 23 0 (2) 2008-2009, 2010-2011
24%
16 Ján Mucha GK 2 0 (0) 2012-2013
22%
11 Ľubomír Michalík DF 11 1 (1) 2006-2008
19%
4 Vratislav Greško DF 40 2 (0) 2002-2006
19%
8 Stanislav Varga DF 21 1 (0) 2000-2002
14%
5 Igor Bališ DF, MF 28 2 (0) 2002-2003
11%
13 Ján Kozák MF 6 0 (0) 2005-2006
8%
10 Vladimír Labant DF 13 0 (2) 2001-2003
8%
17 Filip Lesniak MF 1 0 (0) 2016-2017
5%
No matching quizzes found
Score Distribution
Percent of People with Each Score
Percentile by Number Answered
Your Score History
You have not taken this quiz